Statystyki dla Państwa mówiące w języku niemieckim

Kliknij tutaj aby rozwiązać quiz!

Ogólne statystyki

  • Ten quiz został rozwiązany 34 430 razy
  • Średni wynik to 5 z 6

Statystyki odpowiedzi

% Native SpeakerówPaństwo% Poprawnych
92%Niemcy
99%
93%Austria
93%
65%Szwajcaria
88%
0.6%Belgia
76%
86%Liechtenstein
75%
2%Luksemburg
70%

Rozkład punktacji

Percentyl według liczby udzielonych odpowiedzi

Procent ludzi z każdym wynikiem

Twoja historia wyników

Nie rozwiązałeś tego quizu